000 01805nam a2200349 c 4500
003 BLK
005 20180422102010.0
008 180408b bul|||||r ||||||| ||bul||
010 _aKNG00060415000
040 _aBLK
041 _aBUL
_cBUL
080 _aСправочно-библиографска и информационна работа - Форми на пропаганда на книгата, библиографски помагала, пътеводители по литературата и др. Вж и 028
_b025.5
_x
_z025.5
080 _aИстория на Франция
_b944
_x
_z944
700 1 _aВасилева, Евелина Пенчева
_eсъстав.
_9367660
700 1 _aИванов, Иван Йорданов
_eсъстав.
_9259348
700 1 _aХаджихристов, Христо Николов
_eред.
_9259349
139 _aВеликата френска революция
_bВ 39
245 1 0 _aВеликата френска революция
_bПо случай 200-год. й : Метод. и библиогр. материали за подпомагане работата на библ.
_cсъстав. Евелина Пенчева Василева; състав. Иван Йорданов Иванов; ред. Христо Николов Хаджихристов.
257 _aBGR
260 София
_bНар. библ. Св. св. Кирил и Методий
_c1989
300 _a112 с.
_c20 см
380 _a0
650 4 _aФренска буржоазна революция
_9246040
653 _aФранция
653 _aреволюции
653 _aбиблиографски указатели
852 _aЦб 158570
856 4 _qpdf
_u
856 4 _qpdf
_u
942 _cKNG
_n0
944 _aCR
_c13.06.2004
_kЧиталня
944 _aED
_c02.03.2011
_k
999 _c56434
_d56434